Κατάλογος Βιβλιοθηκών Mediterranean College

Ελληνικά Παραδοσιακά Παιχνίδια (Record no. 2197)

MARC details
000 -LEADER
fixed length control field 01166cam a22001934a 4500
005 - ΗΜΕΡΟΜΗΝΙΑ ΚΑΙ ΩΡΑ ΤΕΛΕΥΤΑΙΑΣ ΕΝΗΜΕΡΩΣΗΣ
Πεδίο ελέγχου 20250605164033.0
008 - FIXED-LENGTH DATA ELEMENTS--GENERAL INFORMATION
Πεδίο ελέγχου σταθερού μήκους 250528s ||||||||||||||||||||||||d
035 ## - SYSTEM CONTROL NUMBER
System control number 16725
020 ## - ISBN
ISBN 9600700869
040 ## - ΠΗΓΗ ΚΑΤΑΛΟΓΟΓΡΑΦΗΣΗΣ
Φορέας πρωτότυπης καταλογογράφησης MC Athens Campus Library
Γλώσσα καταλογογράφησης Ελληνικά, Μοντέρνα (1453-)
Modifying agency MC Athens Campus Library
Κανόνες περιγραφικής καταλογογράφησης AACR2
245 1# - ΤΙΤΛΟΣ ΚΑΙ ΔΗΛΩΣΗ ΥΠΕΥΘΥΝΟΤΗΤΑΣ
Τίτλος Ελληνικά Παραδοσιακά Παιχνίδια
260 ## - PUBLICATION, DISTRIBUTION, ETC.
Name of publisher, distributor, etc. Ατλαντίς
300 ## - PHYSICAL DESCRIPTION
Extent 46
520 ## - SUMMARY, ETC.
Summary, etc. Το Παιχνίδι είναι μια απ' τις σπουδαιότερες εκδηλώσεις της παιδικής ηλικίας. Πρόλογος, Λαχνίσματα, Τα Αγάλματα, Το Ρολόι, Η Μέλισσα, Καλημέρα Βασιλιά, Άναψε μου το Κεράκι, Το Κουτσό, Ο Σαλίγκαρος, Τα Λακουβάκια, Η Κυρά Πηνελόπη, Πετάει Πετάει, Έχω Πάπλωμα Χρυσό, Τα Πεντόβολα, Τι' ναι Πάνω, Οι Καβάλες, Τρείς και το Λουρί της Μάνας, Γύρω-Γύρω Όλοι, Η Μικρή Ελένη, Η Γκαμήλα.
700 1# - ΠΡΟΣΘΕΤΗ ΑΝΑΓΡΑΦΗ--ΦΥΣΙΚΟ ΠΡΟΣΩΠΟ
Personal name Ανατολιτής Ανδρέας Δ
9 (RLIN) 2816
942 ## - ADDED ENTRY ELEMENTS (KOHA)
Koha item type Books
Holdings
Τύπος τεκμηρίου Βιβλιοθήκη Τρέχουσα τοποθεσία Barcode Αριθμός εισαγωγής Ημερομηνία απόκτησης Ταξιθετικό σύμβολο Αριθμός αντιτύπου Κατάσταση απόσυρσης Κατάσταση χαμένου Κατάσταση κατεστραμμένου Μη δανεισμός Σύνολο δανεισμών Ημερομηνία τελευταίας εμφάνισης Η τιμή ισχύει από
Books MC Athens Campus Library MC Athens Campus Library 9780000021960 4944 05/06/2025 880 ANA 1           05/06/2025 05/06/2025

MC Athens Campus Library
Πατησίων 94 & Κοδριγκτώνος 13, 104 34
Πελλήνης 8 & Πατησίων 107, 112 51
Τ: +30 210 8899600

MC Thessaloniki Campus Library
Ίωνος Δραγούμη 21, 54625 | Ίωνος Δραγούμη 15, 54625
Τ: +30 2310 287779 – Τ: +30 2314 440300